[Event "COL Intercollegiate-ch U18"]
[Site "Paipa"]
[Date "2019.12.08"]
[Round "6"]
[White "Moreno Gomez, Manuel"]
[Black "Fiesco Hoyos, Javier"]
[Result "0-1"]
[WhiteElo "1539"]
[BlackElo "1771"]
[PlyCount "56"]
[EventDate "2019.12.06"]
[EventType "swiss"]
[EventRounds "7"]
[EventCountry "COL"]
[SourceTitle "CBM 193 Extra"]
[Source "ChessBase"]
[SourceDate "2020.01.31"]
[SourceVersion "1"]
[SourceVersionDate "2020.01.31"]
[SourceQuality "1"]

1. e4 c6 2. d4 d5 3. exd5 cxd5 4. c3 Nf6 5. Be3 Nc6 6. Nd2 Bf5 7. Ngf3 a6 8. h3 e6 9. Nb3 Ne4 10. Bd3 Bd6 11. Bxe4 Bxe4 12. Nc5 Bxc5 13. dxc5 e5 14. Nd2 Bd3 15. Nb3 Bc4 16. Qg4 0-0 17. 0-0-0 f5 18. Qg5 f4 19. Qxd8 Raxd8 20. Bd2 a5 21. Kb1 a4 22. Nc1 e4 23. Rhe1 Ne5 24. g3 fxg3 25. fxg3 Nf3 26. Bf4 Nxe1 27. Rxe1 h6 28. h4 Rde8 0-1

[Event "COL-ch Superate Intercol U18"]
[Site "Barranquilla"]
[Date "2018.11.28"]
[Round "2.8"]
[White "Fiesco Hoyos, Javier"]
[Black "Morales Criado, Diego Alberto"]
[Result "0-1"]
[WhiteElo "1686"]
[BlackElo "1357"]
[PlyCount "116"]
[EventDate "2018.11.28"]
[EventType "swiss (blitz)"]
[EventRounds "12"]
[EventCountry "COL"]
[SourceTitle "EXT 2024"]
[Source "ChessBase"]
[SourceDate "2023.10.10"]
[SourceVersion "1"]
[SourceVersionDate "2023.10.10"]
[SourceQuality "1"]

1. c4 e5 2. g3 Nf6 3. Bg2 Nc6 4. Nc3 Bb4 5. d3 d5 6. Bd2 d4 7. Ne4 0-0 8. a3 Bxd2+ 9. Qxd2 Nxe4 10. Bxe4 f5 11. Bxc6 bxc6 12. Nf3 Qe7 13. 0-0 f4 14. e3 Bh3 15. Rfe1 fxg3 16. Qe2 gxh2+ 17. Kxh2 Bg4 18. Qf1 Rxf3 19. Qg2 Qh4+ 20. Kg1 Raf8 21. Rf1 Bh3 22. Qh2 Qg4+ 23. Kh1 Bxf1 24. Rxf1 Rxf2 25. Rxf2 Rxf2 26. Qxf2 Qh3+ 27. Qh2 Qf1+ 28. Qg1 Qxd3 29. exd4 exd4 30. Qe1 Qf3+ 31. Kg1 Qe3+ 32. Qxe3 dxe3 33. Kf1 g5 34. Ke2 h5 35. Kxe3 Kf7 36. b4 h4 37. Kf3 Kf6 38. Kg4 Ke5 39. b5 cxb5 40. cxb5 Kd5 41. a4 Kc5 42. Kxg5 h3 43. Kg4 h2 44. Kg3 h1Q 45. Kf4 Qh3 46. Ke5 Qg4 47. a5 Kxb5 48. a6 Kxa6 49. Kd5 Qf5+ 50. Kc6 Qe6+ 51. Kc5 Qd6+ 52. Kc4 Kb6 53. Kc3 Qd5 54. Kb4 Qc5+ 55. Kb3 a6 56. Kb2 Qc4 57. Ka3 Qb5 58. Ka2 Qb4 0-1

[Event "COL-ch U18 rap"]
[Site "Barranquilla"]
[Date "2018.11.27"]
[Round "5"]
[White "Corredor Castellanos, Camilo"]
[Black "Fiesco Hoyos, Javier"]
[Result "1-0"]
[WhiteElo "2091"]
[BlackElo "1493"]
[PlyCount "79"]
[EventDate "2018.11.27"]
[EventType "swiss (rapid)"]
[EventRounds "6"]
[EventCountry "COL"]
[SourceTitle "CBM 187 Extra"]
[Source "ChessBase"]
[SourceDate "2018.11.04"]
[SourceVersion "1"]
[SourceVersionDate "2018.11.04"]
[SourceQuality "1"]

1. d4 d5 2. c4 c6 3. Nf3 Bf5 4. e3 e6 5. Nc3 Nf6 6. Nh4 Bg6 7. Nxg6 hxg6 8. Qe2 Nbd7 9. g3 dxc4 10. Qxc4 Nb6 11. Qb3 Ng4 12. h3 Nf6 13. Bg2 Be7 14. 0-0 g5 15. Rd1 g4 16. hxg4 Nxg4 17. e4 Qd7 18. a4 0-0-0 19. a5 Na8 20. a6 b6 21. Bf4 g5 22. Be3 Nxe3 23. fxe3 f5 24. e5 f4 25. Rac1 Kb8 26. Na4 Rc8 27. Rc4 Rc7 28. Rdc1 Rhc8 29. exf4 gxf4 30. gxf4 c5 31. Qf3 Qd5 32. Qe2 Qd7 33. dxc5 Bxc5+ 34. Nxc5 Rxc5 35. Qf3 Qd5 36. Rxc5 Rxc5 37. Rxc5 Qxf3 38. Bxf3 bxc5 39. Bxa8 Kxa8 40. f5 1-0

[Event "COL-ch U18 rap"]
[Site "Barranquilla"]
[Date "2018.11.27"]
[Round "2"]
[White "Pineda Ramirez, Esteban"]
[Black "Fiesco Hoyos, Javier"]
[Result "1-0"]
[WhiteElo "1625"]
[BlackElo "1493"]
[PlyCount "113"]
[EventDate "2018.11.27"]
[EventType "swiss (rapid)"]
[EventRounds "6"]
[EventCountry "COL"]
[SourceTitle "CBM 187 Extra"]
[Source "ChessBase"]
[SourceDate "2018.11.04"]
[SourceVersion "1"]
[SourceVersionDate "2018.11.04"]
[SourceQuality "1"]

1. e4 e6 2. d4 d5 3. exd5 exd5 4. Nf3 Bg4 5. Bd3 Nc6 6. c3 Nf6 7. Nbd2 Bd6 8. 0-0 0-0 9. Qc2 Re8 10. Re1 Rxe1+ 11. Nxe1 Qe7 12. Ndf3 Re8 13. Bg5 h6 14. Bh4 Qe6 15. Bg3 Ne4 16. Bxd6 Qxd6 17. Ne5 Bh5 18. N1f3 Bxf3 19. Nxf3 f5 20. Bb5 a6 21. Bxc6 Qxc6 22. Ne5 Qb6 23. Re1 Qa5 24. f3 Nd6 25. a3 c5 26. Qf2 b6 27. Nc6 Qb5 28. Rxe8+ Nxe8 29. Ne7+ Kf8 30. Nxf5 Qd3 31. Ng3 Qb1+ 32. Nf1 c4 33. h3 Nc7 34. Kh2 Ne6 35. f4 Qe4 36. f5 Nf4 37. Ng3 Qb1 38. Qxf4 Qxb2 39. Qd6+ Ke8 40. f6 gxf6 41. Nf5 Qe2 42. Qxf6 h5 43. Qe5+ Qxe5+ 44. dxe5 Kf7 45. Kg3 Ke6 46. Kf4 b5 47. Nd4+ Ke7 48. Kf5 Kf7 49. e6+ Ke7 50. Nc6+ Ke8 51. Kf6 h4 52. Nd4 a5 53. Nf5 d4 54. Nd6+ Kd8 55. e7+ Kd7 56. e8Q+ Kxd6 57. Qe5+ 1-0

[Event "COL-ch U18"]
[Site "Barranquilla"]
[Date "2018.11.26"]
[Round "5"]
[White "Espitia Mercado, Alfredo"]
[Black "Fiesco Hoyos, Javier"]
[Result "0-1"]
[WhiteElo "1798"]
[BlackElo "1573"]
[PlyCount "98"]
[EventDate "2018.11.24"]
[EventType "swiss"]
[EventRounds "7"]
[EventCountry "COL"]
[SourceTitle "CBM 187 Extra"]
[Source "ChessBase"]
[SourceDate "2018.11.04"]
[SourceVersion "1"]
[SourceVersionDate "2018.11.04"]
[SourceQuality "1"]

1. e4 c6 2. d4 d5 3. Nc3 dxe4 4. Nxe4 Bf5 5. Ng3 Bg6 6. h4 h6 7. Nf3 Nd7 8. h5 Bh7 9. Bd3 Bxd3 10. Qxd3 Ngf6 11. Bf4 e6 12. Ne4 Nxe4 13. Qxe4 Nf6 14. Qe5 Qb6 15. b3 Rd8 16. Qc7 Bb4+ 17. Kf1 Qa6+ 18. Kg1 0-0 19. Bd2 Bxd2 20. Nxd2 Rxd4 21. Nf3 Rd7 22. Qf4 Rfd8 23. Rh3 Qe2 24. Rh4 Qxc2 25. g4 Ne4 26. Ne5 Rd1+ 27. Rxd1 Rxd1+ 28. Kg2 Ng5 29. Rh1 Rxh1 30. Kxh1 Qe4+ 31. Qxe4 Nxe4 32. Kg2 Nc3 33. a3 f6 34. Nc4 c5 35. Nd6 b5 36. Nb7 b4 37. axb4 cxb4 38. Nd8 a5 39. Nc6 a4 40. Nxb4 axb3 41. Nd3 Na4 42. Kf3 b2 43. Nxb2 Nxb2 44. Ke4 Kf7 45. f4 Nc4 46. Kd4 Nd6 47. Ke3 e5 48. Kf3 Ke6 49. Ke3 Kd5 0-1

[Event "COL-ch U18"]
[Site "Barranquilla"]
[Date "2018.11.26"]
[Round "6"]
[White "Fiesco Hoyos, Javier"]
[Black "Oliveros, Camilo"]
[Result "0-1"]
[WhiteElo "1573"]
[BlackElo "2196"]
[PlyCount "38"]
[EventDate "2018.11.24"]
[EventType "swiss"]
[EventRounds "7"]
[EventCountry "COL"]
[SourceTitle "CBM 187 Extra"]
[Source "ChessBase"]
[SourceDate "2018.11.04"]
[SourceVersion "1"]
[SourceVersionDate "2018.11.04"]
[SourceQuality "1"]

1. c4 g6 2. g3 Bg7 3. Bg2 e6 4. Nf3 Ne7 5. 0-0 0-0 6. d4 d5 7. cxd5 exd5 8. Nbd2 Nbc6 9. Nb3 Bg4 10. e3 b6 11. Bd2 a5 12. a4 Qd7 13. Re1 Nc8 14. Nc1 Nd6 15. b3 Ne4 16. Qc2 Qf5 17. Qxc6 Bxf3 18. Bxf3 Qxf3 19. Re2 Ng5 0-1

[Event "COL-ch U18"]
[Site "Barranquilla"]
[Date "2018.11.24"]
[Round "2"]
[White "Fiesco Hoyos, Javier"]
[Black "Sabogal Varela, Jose Joaquin"]
[Result "0-1"]
[WhiteElo "1573"]
[BlackElo "1861"]
[PlyCount "54"]
[EventDate "2018.11.24"]
[EventType "swiss"]
[EventRounds "7"]
[EventCountry "COL"]
[SourceTitle "CBM 187 Extra"]
[Source "ChessBase"]
[SourceDate "2018.11.04"]
[SourceVersion "1"]
[SourceVersionDate "2018.11.04"]
[SourceQuality "1"]

1. c4 e5 2. g3 Nf6 3. Bg2 d5 4. cxd5 Nxd5 5. Nf3 Nc6 6. d3 Be7 7. Bd2 Be6 8. Nc3 Qd7 9. Rc1 f6 10. a3 Nxc3 11. Rxc3 g5 12. h3 0-0-0 13. Be3 Nd4 14. Nd2 Bd5 15. Bxd5 Qxd5 16. f3 f5 17. Bxd4 exd4 18. Rc2 h5 19. Kf2 h4 20. Nc4 hxg3+ 21. Kxg3 g4 22. fxg4 Bh4+ 23. Kh2 fxg4 24. Rf1 Bf2 25. e4 Qh5 26. Kg2 Qxh3+ 27. Kxf2 Rdf8+ 0-1

[Event "COL-ch"]
[Site "Bogota"]
[Date "2018.11.07"]
[Round "3"]
[White "Fiesco Hoyos, Javier"]
[Black "Toro Castaneda, Miguel Angel"]
[Result "0-1"]
[WhiteElo "1573"]
[BlackElo "1937"]
[PlyCount "56"]
[EventDate "2018.11.06"]
[EventType "swiss"]
[EventRounds "9"]
[EventCountry "COL"]
[SourceTitle "CBM 187 Extra"]
[Source "ChessBase"]
[SourceDate "2018.11.04"]
[SourceVersion "1"]
[SourceVersionDate "2018.11.04"]
[SourceQuality "1"]

1. c4 Nf6 2. g3 g6 3. Bg2 Bg7 4. Nc3 0-0 5. Nf3 d6 6. d3 e5 7. 0-0 Nbd7 8. Rb1 c6 9. Ne1 Ne8 10. b4 Nb6 11. a4 a5 12. b5 Bd7 13. Qb3 Rb8 14. bxc6 bxc6 15. Be3 c5 16. Nd5 Bxa4 17. Qa3 Nxd5 18. Rxb8 Qxb8 19. Qxa4 Nxe3 20. fxe3 Qb4 21. Qd7 Qd2 22. Bd5 Nf6 23. Qxd6 Qxe3+ 24. Kh1 Qxe2 25. Kg1 Nxd5 26. cxd5 e4 27. Qxc5 exd3 28. Nf3 Bh6 0-1

[Event "COL-ch"]
[Site "Bogota"]
[Date "2018.11.06"]
[Round "1"]
[White "Fiesco Hoyos, Javier"]
[Black "Hernandez Pinzon, Helvert"]
[Result "0-1"]
[WhiteElo "1573"]
[BlackElo "2020"]
[PlyCount "90"]
[EventDate "2018.11.06"]
[EventType "swiss"]
[EventRounds "9"]
[EventCountry "COL"]
[SourceTitle "CBM 187 Extra"]
[Source "ChessBase"]
[SourceDate "2018.11.04"]
[SourceVersion "1"]
[SourceVersionDate "2018.11.04"]
[SourceQuality "1"]

1. c4 Nf6 2. g3 e6 3. Bg2 d5 4. b3 c5 5. Nc3 d4 6. Ne4 Be7 7. d3 Qc7 8. Rb1 Nc6 9. e3 e5 10. Ne2 Bg4 11. 0-0 0-0 12. a3 a5 13. Qc2 Rad8 14. f3 Bh5 15. exd4 Nxd4 16. Nxd4 Rxd4 17. Bb2 Rd7 18. Bh3 Rdd8 19. f4 Nxe4 20. Bxe5 Nd6 21. g4 f6 22. Bxd6 Bxd6 23. gxh5 Bxf4 24. Be6+ Kh8 25. Bd5 Rfe8 26. Kh1 b6 27. Rg1 Re5 28. Bf3 Rde8 29. Rbf1 Be3 30. Rg3 Qe7 31. Be4 Bg5 32. Qg2 Bh6 33. Qf3 Rd8 34. Rh3 Rd4 35. Rg1 f5 36. Bc6 Qd8 37. Bb5 Be3 38. Rd1 h6 39. Rg3 Bg5 40. Rf1 Kh7 41. Qc6 Rd6 42. Qf3 Qe7 43. Qg2 Re2 44. Qg1 Qe5 45. Ba6 Be3 0-1

[Event "COL pre olympic sf3"]
[Site "Dosquebradas"]
[Date "2018.05.31"]
[Round "2"]
[White "Martinez Zuluaica, Julian"]
[Black "Fiesco Hoyos, Javier"]
[Result "1-0"]
[WhiteElo "2115"]
[BlackElo "1499"]
[PlyCount "91"]
[EventDate "2018.05.30"]
[EventType "swiss"]
[EventRounds "10"]
[EventCountry "COL"]
[SourceTitle "CBM 184 Extra"]
[Source "ChessBase"]
[SourceDate "2018.06.28"]
[SourceVersion "1"]
[SourceVersionDate "2018.06.28"]
[SourceQuality "1"]

1. d4 Nf6 2. Nf3 d5 3. c4 c6 4. Nc3 Bf5 5. Bg5 e6 6. e3 Nbd7 7. Bd3 Bxd3 8. Qxd3 Be7 9. 0-0 0-0 10. b3 h6 11. Bh4 Rc8 12. Rad1 Bb4 13. Ne5 Qa5 14. Nxd7 Nxd7 15. Ne2 dxc4 16. bxc4 Bd6 17. f4 Qh5 18. Bf2 Nf6 19. e4 Be7 20. e5 Nd7 21. Ng3 Qg4 22. f5 Rcd8 23. h3 Qg5 24. Ne4 Qxf5 25. Bh4 Nc5 26. Qa3 Nxe4 27. Bxe7 Qg6 28. Bxf8 Rxf8 29. Qxa7 Nc3 30. Rde1 Qd3 31. Rf3 Qd2 32. Ref1 Ne2+ 33. Kh1 Nxd4 34. R3f2 Qd3 35. Qxb7 Ne2 36. Re1 Ng3+ 37. Kh2 Ne4 38. Rf3 Qxc4 39. Rf4 Nc5 40. Rxc4 Nxb7 41. Rb1 Nd8 42. Rb8 f6 43. a4 Nf7 44. Rxf8+ Kxf8 45. exf6 gxf6 46. a5 1-0

[Event "Bogota sf2 U16"]
[Site "Bogota"]
[Date "2018.04.01"]
[Round "6.7"]
[White "Fiesco Hoyos, Javier"]
[Black "Martinez, Nicolas"]
[Result "1-0"]
[WhiteElo "1495"]
[BlackElo "1586"]
[PlyCount "67"]
[EventDate "2018.03.29"]
[EventType "swiss"]
[EventRounds "6"]
[EventCountry "COL"]
[SourceTitle "EXT 2024"]
[Source "ChessBase"]
[SourceDate "2023.10.10"]
[SourceVersion "1"]
[SourceVersionDate "2023.10.10"]
[SourceQuality "1"]

1. c4 g6 2. d4 Nf6 3. Nf3 Bg7 4. Nc3 d5 5. Bf4 a6 6. e3 0-0 7. Rc1 Nc6 8. b3 Nh5 9. Nxd5 Nxf4 10. Nxf4 e5 11. dxe5 Qxd1+ 12. Rxd1 Bg4 13. Be2 Nxe5 14. Nxe5 Bxe2 15. Kxe2 Bxe5 16. Nd5 Rad8 17. f4 Bd6 18. Rd3 Rfe8 19. Nf6+ Kg7 20. Nxe8+ Rxe8 21. Kf3 f5 22. Re1 h6 23. e4 fxe4+ 24. Rxe4 Rf8 25. Rd5 g5 26. g3 b6 27. Kg4 gxf4 28. gxf4 Rf6 29. f5 h5+ 30. Kg5 Kf7 31. Re6 Rxe6 32. fxe6+ Kxe6 33. Rxd6+ cxd6 34. Kxh5 1-0

[Event "COL-ch Superate A"]
[Site "Bogota"]
[Date "2016.11.05"]
[Round "10.2"]
[White "Fiesco Hoyos, Javier"]
[Black "Arboleda Orozco, Juan M"]
[Result "1-0"]
[WhiteElo "1660"]
[BlackElo "2013"]
[PlyCount "61"]
[EventDate "2016.11.05"]
[EventType "swiss (blitz)"]
[EventRounds "10"]
[EventCountry "COL"]
[SourceTitle "EXT 2024"]
[Source "ChessBase"]
[SourceDate "2023.10.10"]
[SourceVersion "1"]
[SourceVersionDate "2023.10.10"]
[SourceQuality "1"]

1. Nf3 Nf6 2. d4 g6 3. c4 Bg7 4. e3 0-0 5. Nc3 c5 6. Be2 cxd4 7. exd4 d5 8. Be3 Nc6 9. 0-0 Bf5 10. Rc1 Rc8 11. b3 Ne4 12. Nxd5 Qa5 13. a4 e6 14. Nf4 Nc3 15. Qe1 Nxe2+ 16. Nxe2 Qb6 17. d5 Qxb3 18. dxc6 Rxc6 19. Nfd4 Qxa4 20. Nxc6 bxc6 21. Bd4 e5 22. Be3 Rb8 23. Qd2 Qa3 24. Ra1 Qe7 25. Rxa7 Qe6 26. Ng3 Qxc4 27. Nxf5 gxf5 28. Rc1 Qe4 29. Bh6 Bf6 30. Qd7 Qc4 31. Rxc4 1-0

[Event "COL-ch Superate A"]
[Site "Bogota"]
[Date "2016.11.05"]
[Round "4.5"]
[White "Fiesco Hoyos, Javier"]
[Black "Chisco, Juan Esteban"]
[Result "1-0"]
[WhiteElo "1660"]
[BlackElo "1550"]
[PlyCount "57"]
[EventDate "2016.11.05"]
[EventType "swiss (blitz)"]
[EventRounds "10"]
[EventCountry "COL"]
[SourceTitle "EXT 2024"]
[Source "ChessBase"]
[SourceDate "2023.10.10"]
[SourceVersion "1"]
[SourceVersionDate "2023.10.10"]
[SourceQuality "1"]

1. c4 Nf6 2. d4 e6 3. Nc3 c5 4. e3 cxd4 5. exd4 Qc7 6. Nf3 a6 7. Bg5 Be7 8. Be2 d6 9. Rc1 Nbd7 10. 0-0 b6 11. Re1 Bb7 12. Bxf6 Nxf6 13. d5 e5 14. Bd3 0-0 15. Ne4 Rfe8 16. Qc2 h6 17. Nfd2 Rac8 18. Nxf6+ Bxf6 19. Ne4 Qe7 20. Qb3 b5 21. cxb5 Rxc1 22. Rxc1 Bg5 23. Nxg5 Qxg5 24. Rc7 axb5 25. h3 Bc8 26. Qxb5 Rf8 27. Be4 Qf4 28. Qe2 f5 29. Bc2 1-0

[Event "COL-ch Superate A"]
[Site "Bogota"]
[Date "2016.11.05"]
[Round "2.5"]
[White "Murillo Loreo, Oscar Miguel"]
[Black "Fiesco Hoyos, Javier"]
[Result "1-0"]
[WhiteElo "1600"]
[BlackElo "1660"]
[PlyCount "51"]
[EventDate "2016.11.05"]
[EventType "swiss (blitz)"]
[EventRounds "10"]
[EventCountry "COL"]
[SourceTitle "EXT 2024"]
[Source "ChessBase"]
[SourceDate "2023.10.10"]
[SourceVersion "1"]
[SourceVersionDate "2023.10.10"]
[SourceQuality "1"]

1. e4 d6 2. d4 Nf6 3. Nc3 e6 4. Nf3 Be7 5. Be3 0-0 6. Qd2 Ng4 7. Bf4 c5 8. h3 Nf6 9. Bg3 b6 10. Bd3 Bb7 11. 0-0 Nc6 12. e5 Ne8 13. d5 exd5 14. Nxd5 dxe5 15. Nxe7+ Qxe7 16. Rfe1 f6 17. c3 Rd8 18. Qc2 h6 19. Nh4 Qd7 20. Rad1 Qc7 21. Bc4+ Rf7 22. Bxf7+ Kxf7 23. Qg6+ Kg8 24. Nf5 Rxd1 25. Rxd1 Qf7 26. Nxh6+ 1-0

[Event "COL-ch Superate A"]
[Site "Bogota"]
[Date "2016.11.04"]
[Round "4.4"]
[White "Murillo Loreo, Oscar Miguel"]
[Black "Fiesco Hoyos, Javier"]
[Result "1-0"]
[WhiteElo "1600"]
[BlackElo "1510"]
[PlyCount "159"]
[EventDate "2016.11.04"]
[EventType "swiss (rapid)"]
[EventRounds "5"]
[EventCountry "COL"]
[SourceTitle "EXT 2024"]
[Source "ChessBase"]
[SourceDate "2023.10.10"]
[SourceVersion "1"]
[SourceVersionDate "2023.10.10"]
[SourceQuality "1"]

1. e4 c6 2. d4 d5 3. exd5 cxd5 4. Bd3 Nc6 5. c3 Nf6 6. Bf4 e6 7. Nf3 h6 8. Nbd2 Be7 9. 0-0 0-0 10. Re1 Bd7 11. Ne5 Rc8 12. h3 Nxe5 13. dxe5 Ne8 14. Qf3 Bg5 15. Nb3 Bxf4 16. Qxf4 f6 17. Re3 fxe5 18. Qxe5 Qf6 19. Nd4 Nc7 20. Nf3 Qxe5 21. Nxe5 Bb5 22. Bxb5 Nxb5 23. Ng6 Rfe8 24. Rae1 Kf7 25. Ne5+ Kg8 26. Ng6 Kf7 27. Ne5+ Kg8 28. Ng4 Rc6 29. Rg3 Kh7 30. Rf3 Rc7 31. Rfe3 Rce7 32. a4 Nd6 33. Re5 Nc4 34. R5e2 a6 35. Ne3 Nxe3 36. Rxe3 Kg8 37. f4 Kf7 38. Kf2 Kf6 39. Rf3 h5 40. Re5 g6 41. Rg3 Rg8 42. Rxh5 Rd7 43. Ke3 Rc7 44. Rhg5 Rc4 45. a5 Re4+ 46. Kf3 Re1 47. h4 Rf1+ 48. Ke3 Re1+ 49. Kf2 Re4 50. Kf3 Rf8 51. Rxg6+ Ke7 52. Rg7+ Kd6 53. R3g4 e5 54. g3 Re8 55. b4 Kc6 56. R4g6+ Kb5 57. Rxb7+ Kc4 58. Rc6+ Kd3 59. Rd7 Re3+ 60. Kf2 Re2+ 61. Kf1 exf4 62. Rxd5+ Kc2 63. gxf4 Re1+ 64. Kf2 R8e2+ 65. Kf3 Re3+ 66. Kg4 Rg1+ 67. Kh5 Rh1 68. f5 Reh3 69. Rd4 Rf1 70. f6 Rf5+ 71. Kg6 Rff3 72. h5 Rfg3+ 73. Kh6 Rf3 74. Rg4 Rf5 75. Rg5 Rf4 76. Kg7 Rhf3 77. h6 Rd3 78. Rc7 Rd6 79. f7 Rdf6 80. h7 1-0

[Event "COL-ch Superate fin-A"]
[Site "Bogota"]
[Date "2016.11.03"]
[Round "4.4"]
[White "Murillo Loreo, Oscar Miguel"]
[Black "Fiesco Hoyos, Javier"]
[Result "1-0"]
[WhiteElo "1600"]
[BlackElo "1534"]
[PlyCount "87"]
[EventDate "2016.11.02"]
[EventType "swiss"]
[EventRounds "5"]
[EventCountry "COL"]
[SourceTitle "EXT 2024"]
[Source "ChessBase"]
[SourceDate "2023.10.10"]
[SourceVersion "1"]
[SourceVersionDate "2023.10.10"]
[SourceQuality "1"]

1. e4 c6 2. d4 d5 3. exd5 cxd5 4. Bd3 Nc6 5. c3 Nf6 6. Bf4 e6 7. Nf3 Be7 8. Nbd2 0-0 9. 0-0 Bd7 10. h3 Rc8 11. Ne5 Qb6 12. Rb1 Rfd8 13. Ndf3 Na5 14. Ng5 Be8 15. Ngf3 Nc4 16. Nxc4 dxc4 17. Bc2 Nd5 18. Bg3 Bd6 19. Bh4 f6 20. Qe1 Bf7 21. Qe4 f5 22. Qe1 Re8 23. Ne5 Bh5 24. Qd2 Bxe5 25. dxe5 h6 26. Rfe1 f4 27. g4 Bxg4 28. hxg4 g5 29. Bxg5 hxg5 30. Be4 Rcd8 31. Qc2 Re7 32. Kg2 Rf8 33. Rh1 f3+ 34. Kf1 Rff7 35. Rh6 Rg7 36. Bxd5 exd5 37. Rxb6 axb6 38. Qf5 Ref7 39. Qe6 Rh7 40. Kg1 Rh4 41. Rd1 Kg7 42. Rxd5 Rh6 43. Qc8 Rh8 44. Rd8 1-0

[Event "COL-ch Superate A"]
[Site "Colombia"]
[Date "2015.10.19"]
[Round "2.7"]
[White "Barliza Hernandez, Alejandro Seg"]
[Black "Fiesco Hoyos, Javier"]
[Result "1-0"]
[WhiteElo "1522"]
[BlackElo "1661"]
[PlyCount "95"]
[EventDate "2015.10.19"]
[EventType "swiss (rapid)"]
[EventRounds "6"]
[EventCountry "COL"]
[SourceTitle "EXT 2024"]
[Source "ChessBase"]
[SourceDate "2023.10.10"]
[SourceVersion "1"]
[SourceVersionDate "2023.10.10"]
[SourceQuality "1"]

1. e4 c6 2. Nf3 d5 3. exd5 cxd5 4. d4 Nf6 5. Nc3 e6 6. Bb5+ Bd7 7. Bxd7+ Nbxd7 8. 0-0 Be7 9. Bg5 h6 10. Bxf6 Bxf6 11. Nb5 Qb6 12. Qd3 0-0 13. b3 a6 14. Nc3 Rac8 15. Na4 Qc6 16. Rfc1 b5 17. Nb2 Qc3 18. Qxc3 Rxc3 19. Nd1 Rc6 20. Ne3 Rfc8 21. a4 b4 22. Ra2 Rc3 23. h3 Rxb3 24. cxb3 Rxc1+ 25. Nf1 Rd1 26. Rd2 Rxd2 27. N1xd2 a5 28. g4 g5 29. Kf1 Kf8 30. Ke2 Ke7 31. Kd3 Kd6 32. Nf1 e5 33. dxe5+ Nxe5+ 34. Nxe5 Bxe5 35. Ne3 Kc5 36. Nf5 d4 37. Nxh6 f6 38. f3 Kd5 39. Nf5 Bf4 40. Nxd4 Be5 41. Nf5 Bc3 42. Ne7+ Kd6 43. Nc8+ Kd5 44. Nb6+ Kc5 45. Nc4 Kd5 46. Nxa5 Ke5 47. Nc4+ Kf4 48. a5 1-0

[Event "COL-ch Superate A"]
[Site "Colombia"]
[Date "2015.10.19"]
[Round "1.7"]
[White "Fiesco Hoyos, Javier"]
[Black "Bohorquez Mahecha, Juan Pablo"]
[Result "0-1"]
[WhiteElo "1661"]
[BlackElo "1375"]
[PlyCount "117"]
[EventDate "2015.10.19"]
[EventType "swiss (rapid)"]
[EventRounds "6"]
[EventCountry "COL"]
[SourceTitle "EXT 2024"]
[Source "ChessBase"]
[SourceDate "2023.10.10"]
[SourceVersion "1"]
[SourceVersionDate "2023.10.10"]
[SourceQuality "1"]

1. c4 e6 2. d4 d5 3. e3 Nf6 4. Nc3 c6 5. Nf3 Nbd7 6. Be2 Be7 7. 0-0 0-0 8. Re1 Re8 9. Bd3 dxc4 10. Bxc4 Nb6 11. Bd3 Bd7 12. Ne5 Qc7 13. Nxd7 Nbxd7 14. Qc2 h6 15. e4 e5 16. Be3 exd4 17. Bxd4 Bd6 18. g3 Be5 19. Bxe5 Nxe5 20. Qe2 Rad8 21. Rad1 Qb6 22. Bb1 Rxd1 23. Rxd1 Rd8 24. Rxd8+ Qxd8 25. Qd1 Qxd1+ 26. Nxd1 Nf3+ 27. Kg2 Nd2 28. Bd3 Ndxe4 29. Bxe4 Nxe4 30. Kf3 Ng5+ 31. Kf4 Kf8 32. Ke5 Ke7 33. f4 Nf3+ 34. Ke4 Nxh2 35. Ne3 h5 36. Ke5 Nf3+ 37. Ke4 Nd2+ 38. Ke5 f6+ 39. Kf5 Nf3 40. Kg6 h4 41. Nf5+ Kf8 42. Nxh4 Nxh4+ 43. gxh4 b5 44. Kf5 Kf7 45. b4 g6+ 46. Ke4 Ke6 47. Kd4 Kd6 48. a3 f5 49. Kc3 Kd5 50. Kd3 c5 51. Kc3 c4 52. Kc2 Ke4 53. Kc3 Kxf4 54. a4 bxa4 55. Kxc4 a3 56. Kb3 Kg4 57. Kxa3 f4 58. Kb2 f3 59. Kc3 0-1

[Event "COL-ch Superate A"]
[Site "Colombia"]
[Date "2015.10.18"]
[Round "7.4"]
[White "Arrieta Hernandez, Cristian"]
[Black "Fiesco Hoyos, Javier"]
[Result "1-0"]
[WhiteElo "1595"]
[BlackElo "1661"]
[PlyCount "145"]
[EventDate "2015.10.18"]
[EventType "swiss (blitz)"]
[EventRounds "12"]
[EventCountry "COL"]
[SourceTitle "EXT 2024"]
[Source "ChessBase"]
[SourceDate "2023.10.10"]
[SourceVersion "1"]
[SourceVersionDate "2023.10.10"]
[SourceQuality "1"]

1. e4 c6 2. d4 d5 3. Nd2 dxe4 4. Nxe4 Bf5 5. Ng3 Bg6 6. h4 h6 7. Nf3 Nd7 8. Bc4 e6 9. Qe2 Ngf6 10. Bf4 Nd5 11. Bxd5 cxd5 12. c3 Qb6 13. 0-0 Be7 14. Rfe1 Rc8 15. h5 Bh7 16. Ne5 Nxe5 17. Bxe5 f6 18. Bf4 Rc6 19. Qg4 Kf7 20. Re2 f5 21. Qf3 Re8 22. Rae1 Kg8 23. Bc1 Bf6 24. Re3 Bg5 25. R3e2 Bxc1 26. Rxc1 Kh8 27. Rce1 Re7 28. b3 Qc7 29. Rc2 b6 30. Re5 f4 31. Rc1 fxg3 32. Qxg3 Rf7 33. a4 Qd8 34. Rce1 Qf6 35. R1e3 Qe7 36. Rxd5 Rxc3 37. Rxc3 exd5 38. Re3 Qf8 39. Re5 Rf5 40. Re3 Rf4 41. f3 Rxd4 42. Qc7 Rd1+ 43. Kh2 Qf5 44. g4 Qc2+ 45. Qxc2 Bxc2 46. Re7 Bxb3 47. Rxa7 Rd2+ 48. Kg3 Ra2 49. Rb7 Bxa4 50. Rxb6 Bd1 51. f4 Ra3+ 52. Kh4 Ra2 53. g5 hxg5+ 54. fxg5 Rh2+ 55. Kg3 Rxh5 56. g6 Rg5+ 57. Kf4 Rxg6 58. Rxg6 Kh7 59. Rd6 Bb3 60. Ke5 Bc4 61. Kf5 Bd3+ 62. Ke6 Bc4 63. Rd7 d4+ 64. Ke5 d3 65. Kd4 Bb5 66. Rd5 Ba6 67. Ke3 g6 68. Kf4 Kh6 69. Rd6 Bb7 70. Rxd3 g5+ 71. Kf5 Bc8+ 72. Kf6 Kh5 73. Rd5 1-0